[Event "XV Konik Morski Rewala - Open B"]
[Site "Rewal"]
[Date "2010.08.20"]
[Round "2.40"]
[White "Strek, Jaroslaw"]
[Black "Paszewski, Mateusz"]
[Result "0-1"]
[WhiteElo "1568"]
[BlackElo "1781"]
[PlyCount "104"]
[EventDate "2010.??.??"]

1. d4 d5 2. c4 c6 3. Nf3 Nf6 4. Nc3 e6 5. e3 Nbd7 6. a3 a6 7. Bd3 dxc4 8. Bxc4
b5 9. Ba2 Bb7 10. Bd2 c5 11. dxc5 Nxc5 12. O-O Be7 13. b4 Nfe4 14. Nxe4 Nxe4
15. Qe2 O-O 16. Rfd1 Qb6 17. Nd4 Bf6 18. Rac1 Rfd8 19. Bb1 Nxd2 20. Rxd2 Bxd4
21. exd4 Rxd4 22. Qe3 Rad8 23. Rcd1 Rxd2 24. Rxd2 Rxd2 25. Qxd2 g6 26. Qf4 Qc6
27. f3 Qc3 28. Kf2 e5 29. Qe3 Qb2+ 30. Kg3 Qxb1 31. Qxe5 Qf5 32. Qxf5 gxf5 33.
Kf4 Kf8 34. Kxf5 Ke7 35. Ke5 f6+ 36. Kf4 Ke6 37. h4 Bc8 38. Ke4 f5+ 39. Kd4 Kd6
40. h5 h6 41. Ke3 Ke5 42. g3 Be6 43. Kd2 Bf7 44. f4+ Kd5 45. Ke2 Bxh5+ 46. Kd3
Bf3 47. Kc3 Ke4 48. Kd2 Kd4 49. Kc2 Ke3 50. Kc3 Kf2 51. Kd4 Kxg3 52. Ke5 Bg4
0-1

[Event "XV Konik Morski Rewala - Open B"]
[Site "Rewal"]
[Date "2010.08.20"]
[Round "2.41"]
[White "Mostowski, Boguslaw"]
[Black "Mirski, Roman (j)"]
[Result "1-0"]
[WhiteElo "1779"]
[BlackElo "1568"]
[PlyCount "63"]
[EventDate "2010.??.??"]

1. e4 c5 2. Nf3 d6 3. d4 cxd4 4. Nxd4 Nf6 5. Nc3 g6 6. Be3 Bg7 7. f3 O-O 8. Qd2
Bd7 9. Bc4 Nc6 10. Bb3 Na5 11. h4 Nxb3 12. cxb3 a6 13. O-O-O Qa5 14. Kb1 Rac8
15. Nd5 Qd8 16. Nxf6+ Bxf6 17. Bh6 Bg7 18. h5 Rc5 19. hxg6 fxg6 20. Bxg7 Kxg7
21. Qh6+ Kf6 22. Qh4+ Kg7 23. Qxh7+ Kf6 24. Qh4+ Kg7 25. Qh6+ Kf6 26. g4 Qe8
27. Rdg1 Rg5 28. f4 Rxg4 29. Rxg4 Bxg4 30. Qg5+ Kg7 31. Qxg4 e5 32. Ne6+ 1-0

[Event "XV Konik Morski Rewala - Open B"]
[Site "Rewal"]
[Date "2010.08.20"]
[Round "2.42"]
[White "Nun, Joanna"]
[Black "Laszewski, Kazimierz"]
[Result "0-1"]
[WhiteElo "1564"]
[BlackElo "1769"]
[PlyCount "82"]
[EventDate "2010.??.??"]

1. e4 e5 2. Nf3 Nc6 3. Bb5 a6 4. Ba4 Nf6 5. O-O Be7 6. Re1 b5 7. Bb3 d6 8. h3
Na5 9. c3 Nxb3 10. Qxb3 c5 11. d4 Qc7 12. Nbd2 O-O 13. Nf1 h6 14. Ng3 Be6 15.
Qd1 Nh7 16. Bd2 f6 17. Nh4 Bf7 18. Nhf5 Kh8 19. Qg4 Rg8 20. Nxe7 Qxe7 21. Nf5
Qc7 22. d5 Be8 23. Re3 Bd7 24. Rg3 Bxf5 25. Qxf5 Qc8 26. Qh5 Qe8 27. Qh4 Qf7
28. f4 a5 29. Rf1 b4 30. fxe5 dxe5 31. Rf5 Qb7 32. Rd3 Qb5 33. Qg3 Qc4 34. b3
Qxe4 35. Rff3 Rgc8 36. Qf2 Kg8 37. c4 a4 38. Qg3 Ng5 39. Rfe3 Qf5 40. h4 e4 41.
hxg5 hxg5 0-1

[Event "XV Konik Morski Rewala - Open B"]
[Site "Rewal"]
[Date "2010.08.20"]
[Round "2.43"]
[White "Rabeda, Grzegorz"]
[Black "Mackiewicz, Piotr"]
[Result "1/2-1/2"]
[WhiteElo "1520"]
[BlackElo "1764"]
[PlyCount "77"]
[EventDate "2010.??.??"]

1. d4 d5 2. c4 c6 3. Nc3 Nf6 4. Bf4 e6 5. e3 Bd6 6. Bxd6 Qxd6 7. c5 Qc7 8. Nf3
Nbd7 9. Bd3 O-O 10. Qc2 e5 11. dxe5 Nxe5 12. Nxe5 Qxe5 13. Ne2 Bg4 14. O-O Rfe8
15. Ng3 Rad8 16. h3 Be6 17. Rfe1 d4 18. e4 g6 19. Ne2 Nh5 20. b4 Qg5 21. Qc1
Qxc1 22. Rexc1 g5 23. g4 Ng7 24. f4 gxf4 25. Nxf4 Bd7 26. Kg2 Re5 27. Kf3 h5
28. Rh1 a5 29. a3 Rg5 30. Rag1 hxg4+ 31. hxg4 axb4 32. axb4 Ra8 33. Nh5 Nxh5
34. gxh5 Rxg1 35. Rxg1+ Kh7 36. e5+ Kh6 37. Ke4 Be6 38. Kxd4 Kxh5 39. Bc4
1/2-1/2

[Event "XV Konik Morski Rewala - Open B"]
[Site "Rewal"]
[Date "2010.08.20"]
[Round "2.44"]
[White "Biszof, Henryk"]
[Black "Kopica, Paulina"]
[Result "1/2-1/2"]
[WhiteElo "1739"]
[BlackElo "1567"]
[PlyCount "81"]
[EventDate "2010.??.??"]

1. e4 e6 2. d4 d5 3. e5 c5 4. c3 Qb6 5. Nf3 Nc6 6. Be2 cxd4 7. cxd4 Nh6 8. Nc3
Nf5 9. Bb5 Bd7 10. Bxc6 Bxc6 11. O-O Be7 12. h3 O-O 13. a3 Rac8 14. b4 Bb5 15.
Nxb5 Qxb5 16. Bb2 Rc4 17. Nd2 Rc6 18. Rc1 Rfc8 19. Rxc6 Rxc6 20. Nb3 b6 21. g4
Nh4 22. f4 Qc4 23. Rf2 a6 24. Na1 f6 25. Rc2 Qb5 26. Rxc6 Qxc6 27. Qc2 Qxc2 28.
Nxc2 Nf3+ 29. Kf2 Nd2 30. Ne3 Kf7 31. Kg3 Ke8 32. Bc1 Ne4+ 33. Kf3 Kd7 34. f5
fxe5 35. fxe6+ Kxe6 36. dxe5 Bg5 37. a4 d4 38. Kxe4 dxe3 39. Bxe3 Bxe3 40. Kxe3
Kxe5 41. h4 1/2-1/2

[Event "XV Konik Morski Rewala - Open B"]
[Site "Rewal"]
[Date "2010.08.20"]
[Round "2.45"]
[White "Krolak, Dominika"]
[Black "Murawko, Katarzyna"]
[Result "0-1"]
[WhiteElo "1443"]
[BlackElo "1734"]
[PlyCount "58"]
[EventDate "2010.??.??"]

1. d4 Nf6 2. c4 g6 3. Nc3 d5 4. Bf4 Bg7 5. Nf3 O-O 6. e3 Bf5 7. cxd5 Nxd5 8.
Nxd5 Qxd5 9. Bxc7 Nc6 10. Rc1 Rac8 11. Bc4 Qe4 12. Bg3 e5 13. dxe5 Nxe5 14.
Nxe5 Bxe5 15. Qb3 Be6 16. Bxe5 Qxe5 17. O-O Rxc4 18. Rxc4 b5 19. Re4 Qxe4 20.
Qa3 Ra8 21. b3 Bd5 22. f3 Qxe3+ 23. Kh1 Re8 24. Qb4 Qe2 25. Kg1 Qxa2 26. Qxb5
Re2 27. Qb8+ Kg7 28. Qg3 Qxb3 29. h3 a5 0-1

[Event "XV Konik Morski Rewala - Open B"]
[Site "Rewal"]
[Date "2010.08.20"]
[Round "2.46"]
[White "Nun, Grzegorz"]
[Black "Wojna, Natalia"]
[Result "1/2-1/2"]
[WhiteElo "1721"]
[BlackElo "1527"]
[PlyCount "34"]
[EventDate "2010.??.??"]

1. e4 c5 2. Nf3 Nc6 3. Bb5 e6 4. Bxc6 bxc6 5. O-O Nf6 6. Nc3 Qc7 7. h3 d5 8. d3
Be7 9. e5 Nd7 10. Bf4 O-O 11. Bg3 Rb8 12. Rb1 Ba6 13. Re1 Rb6 14. Qd2 c4 15.
dxc4 Bxc4 16. a3 Rfb8 17. b3 Ba6 1/2-1/2

[Event "XV Konik Morski Rewala - Open B"]
[Site "Rewal"]
[Date "2010.08.21"]
[Round "3.1"]
[White "Poswiatowski, Michal"]
[Black "Gonsior, Monika"]
[Result "1-0"]
[WhiteElo "1925"]
[BlackElo "2087"]
[PlyCount "153"]
[EventDate "2010.??.??"]

1. e4 e5 2. Nf3 Nc6 3. Bb5 Bc5 4. c3 Nf6 5. O-O Nxe4 6. Bxc6 dxc6 7. Nxe5 Be6
8. Qe2 Qd5 9. d4 Bd6 10. Re1 Nf6 11. Nd2 Bxe5 12. dxe5 Nd7 13. Nf1 O-O-O 14. b3
Rhe8 15. c4 Qc5 16. Qe3 Qxe3 17. Rxe3 c5 18. Bb2 Nb8 19. Bc3 Rd7 20. Rae1 Nc6
21. Ng3 Nd4 22. Bxd4 cxd4 23. R3e2 b6 24. f4 Rde7 25. f5 Bd7 26. Nh5 d3 27. Rd2
g6 28. fxg6 hxg6 29. Ng3 Rxe5 30. Rxe5 Rxe5 31. Rxd3 Bc6 32. h4 f5 33. Rd4 Be8
34. Kf2 c5 35. Rd2 f4 36. Ne2 Re4 37. Nc3 Re7 38. Nd5 Rf7 39. Re2 Kd8 40. Re6
Rf8 41. Re4 f3 42. gxf3 Bd7 43. Nf4 Rf6 44. Kg3 Bf5 45. Re2 Rd6 46. Nd5 b5 47.
Ne3 Bd3 48. Rd2 bxc4 49. Nxc4 Rd4 50. Ne5 Bb5 51. Rxd4+ cxd4 52. Kf4 Be8 53.
Ke4 Ke7 54. Kxd4 Kd6 55. a4 Ke6 56. Ke4 Kd6 57. Kd4 Ke6 58. Nd3 Bc6 59. f4 Kf5
60. Ne5 Be8 61. Kd5 Kxf4 62. Ke6 g5 63. hxg5 Kxg5 64. Kd6 Bh5 65. Nc6 a6 66.
Kc5 Bd1 67. Na5 Kf6 68. Kb6 Be2 69. Nb7 Ke5 70. Nc5 Bd1 71. Kxa6 Kd5 72. Kb6
Kd4 73. a5 Be2 74. a6 Bxa6 75. Nxa6 Kc3 76. b4 Kc4 77. b5 1-0

[Event "XV Konik Morski Rewala - Open B"]
[Site "Rewal"]
[Date "2010.08.21"]
[Round "3.2"]
[White "Slabek, Grzegorz"]
[Black "Zochowski, Kacper"]
[Result "1-0"]
[WhiteElo "2065"]
[BlackElo "1887"]
[PlyCount "101"]
[EventDate "2010.??.??"]

1. d4 Nf6 2. Nf3 e6 3. e3 b6 4. Be2 Bb7 5. O-O Be7 6. c4 O-O 7. Nc3 d5 8. b3
Nbd7 9. Bb2 Rc8 10. cxd5 Nxd5 11. Nxd5 Bxd5 12. Ba6 Rb8 13. Qe2 Bxf3 14. Qxf3
Bf6 15. Qc6 Nc5 16. Bb5 Qd5 17. Ba3 Rfd8 18. Qxd5 Rxd5 19. Bc6 Rdd8 20. dxc5
Bxa1 21. Rxa1 Rd2 22. Bb4 Rb2 23. Bf3 Rd8 24. c6 f6 25. g4 a5 26. Bc3 Rc2 27.
Be1 Kf7 28. h4 g6 29. Be4 Rc5 30. Kf1 f5 31. gxf5 gxf5 32. Bg2 e5 33. Bh3 e4
34. b4 axb4 35. Bxb4 Rcd5 36. Ke2 Ke6 37. Rg1 Rb5 38. a3 Kf7 39. Rg5 Rdd5 40.
h5 f4 41. exf4 Rxg5 42. fxg5 Rxg5 43. Ke3 Rxh5 44. Bg2 Ke6 45. Bxe4 Rh3+ 46.
Kd4 Rh4 47. Bd2 h5 48. f4 Rh2 49. f5+ Ke7 50. Bg5+ Ke8 51. Bf4 1-0

[Event "XV Konik Morski Rewala - Open B"]
[Site "Rewal"]
[Date "2010.08.21"]
[Round "3.3"]
[White "Koziej, Maciej"]
[Black "Starczewska, Dominika"]
[Result "1/2-1/2"]
[WhiteElo "2025"]
[BlackElo "1886"]
[PlyCount "75"]
[EventDate "2010.??.??"]

1. e4 c5 2. Nf3 Nc6 3. d4 cxd4 4. Nxd4 Nf6 5. Nc3 e5 6. Ndb5 d6 7. Bg5 a6 8.
Na3 b5 9. Nd5 Be7 10. Bxf6 Bxf6 11. c3 Ne7 12. Nxf6+ gxf6 13. Nc2 Bb7 14. Bd3
d5 15. exd5 Qxd5 16. Ne3 Qe6 17. Qc2 e4 18. Be2 f5 19. g3 Ng6 20. a4 Ne5 21.
Rg1 O-O 22. O-O-O bxa4 23. g4 f4 24. Nf5 Rfd8 25. Qxa4 Qb6 26. Rxd8+ Rxd8 27.
Rd1 f3 28. Rxd8+ Qxd8 29. Bxa6 Bxa6 30. Qxa6 Nxg4 31. Nh6+ Nxh6 32. Qxh6 Qd3
33. Qd2 Qf1+ 34. Kc2 h6 35. b3 Qa1 36. c4 Qa2+ 37. Kc3 Qa5+ 38. Kc2 1/2-1/2

[Event "XV Konik Morski Rewala - Open B"]
[Site "Rewal"]
[Date "2010.08.21"]
[Round "3.4"]
[White "Somyk, Marcin"]
[Black "Kaczmarek, Aleksander"]
[Result "0-1"]
[WhiteElo "1869"]
[BlackElo "2012"]
[PlyCount "54"]
[EventDate "2010.??.??"]

1. e4 c5 2. Nf3 a6 3. c3 e6 4. d4 d5 5. exd5 exd5 6. Be3 Nf6 7. dxc5 Ne4 8. b4
Nc6 9. Be2 Be7 10. O-O O-O 11. Qb3 Bf6 12. Rd1 Be6 13. Nd4 Be5 14. Nxc6 bxc6
15. Bd4 Qh4 16. g3 Qf6 17. f4 Bxd4+ 18. Rxd4 g5 19. Na3 Bh3 20. Rd3 gxf4 21.
Bf3 fxg3 22. hxg3 Qg5 23. Bg2 Bf5 24. c4 Nd2 25. Rxd2 Qxd2 26. cxd5 Qd4+ 27.
Kh2 Qxa1 0-1

[Event "XV Konik Morski Rewala - Open B"]
[Site "Rewal"]
[Date "2010.08.21"]
[Round "3.5"]
[White "Snihur, Piotr"]
[Black "Zakrzewski, Marek"]
[Result "0-1"]
[WhiteElo "1731"]
[BlackElo "1991"]
[PlyCount "86"]
[EventDate "2010.??.??"]

1. e4 Nc6 2. d4 d5 3. e5 Bf5 4. c3 Qd7 5. Nf3 f6 6. Bb5 a6 7. Ba4 e6 8. Bf4 b5
9. Bc2 Bxc2 10. Qxc2 g5 11. Bg3 g4 12. Nfd2 fxe5 13. dxe5 Nge7 14. f4 O-O-O 15.
Nb3 Nf5 16. Bf2 d4 17. N1d2 d3 18. Qd1 h5 19. Rg1 Qd5 20. Kf1 Be7 21. g3 Rdf8
22. Qe1 h4 23. Ne4 hxg3 24. hxg3 Rh2 25. Rg2 Nxe5 26. fxe5 Nxg3+ 27. Rxg3 Bh4
28. Nbd2 Bxg3 29. Kg1 Bxf2+ 30. Kxh2 g3+ 31. Kg2 Bxe1 32. Rxe1 Qxe5 33. Rh1
Rf2+ 34. Nxf2 gxf2 35. Nf3 Qe2 36. Rf1 d2 37. Nxd2 Qxd2 38. Rxf2 Qd5+ 39. Kg3
Qxa2 40. Kf4 Qd5 41. Re2 Kd7 42. Ke3 Kc6 43. Rd2 Qxd2+ 0-1

[Event "XV Konik Morski Rewala - Open B"]
[Site "Rewal"]
[Date "2010.08.21"]
[Round "3.6"]
[White "Grabowski, Adam"]
[Black "Mirski, Michal"]
[Result "1-0"]
[WhiteElo "1952"]
[BlackElo "1700"]
[PlyCount "113"]
[EventDate "2010.??.??"]

1. e4 c5 2. Nf3 e6 3. d4 cxd4 4. Nxd4 Nf6 5. Nc3 Bb4 6. Bd3 Nc6 7. Be3 O-O 8.
O-O Qc7 9. Ncb5 Qb8 10. c3 Be7 11. f4 a6 12. Nxc6 bxc6 13. Nd4 Qxb2 14. Rb1
Qxc3 15. Rb3 Qa5 16. Rf3 g6 17. f5 e5 18. Ne2 Ng4 19. Kh1 Nxe3 20. Rxe3 Bf6 21.
Ng3 d5 22. Qf3 Ra7 23. Re2 Rd7 24. h3 Qd8 25. Rb8 Qe7 26. Rb6 Qc5 27. Reb2 Bd8
28. R6b3 Rd6 29. Rc2 Qa5 30. exd5 gxf5 31. Nxf5 Rf6 32. Qg3+ Rg6 33. Nh6+ Kg7
34. Bxg6 fxg6 35. Ng4 Bxg4 36. hxg4 Rf1+ 37. Kh2 Qxd5 38. Rd3 Bh4 39. Qe3 Qe6
40. g3 Be7 41. Kg2 Rf7 42. Qe4 Qf6 43. Rf3 Qxf3+ 44. Qxf3 Rxf3 45. Kxf3 c5 46.
Rb2 Bd8 47. Rb8 Ba5 48. Ra8 Bc3 49. Rxa6 h6 50. Ke4 Kf7 51. Kd5 Be1 52. Ra3 Kf6
53. Re3 Bb4 54. Rxe5 Bc3 55. Re3 Bd4 56. Re4 Bf2 57. Rf4+ 1-0

[Event "XV Konik Morski Rewala - Open B"]
[Site "Rewal"]
[Date "2010.08.21"]
[Round "3.7"]
[White "Szczecina, Michal"]
[Black "Kiolbasa, Oliwia"]
[Result "1-0"]
[WhiteElo "2100"]
[BlackElo "1593"]
[PlyCount "97"]
[EventDate "2010.??.??"]

1. c4 e5 2. g3 Nf6 3. Bg2 d5 4. cxd5 Nxd5 5. Nc3 Nb6 6. Nf3 Nc6 7. d3 Be7 8.
O-O O-O 9. a3 Be6 10. Be3 f6 11. Rc1 Qd7 12. Ne4 Rad8 13. Nc5 Qc8 14. Nxe6 Qxe6
15. Nd2 f5 16. Bxc6 bxc6 17. Qc2 Rf6 18. Qb3 Qxb3 19. Nxb3 Rg6 20. Na5 Bd6 21.
Nxc6 Ra8 22. Bc5 Kf7 23. Bxd6 cxd6 24. Na5 Ke6 25. Rc2 Nd5 26. Rfc1 Rg4 27. Rc8
Rxc8 28. Rxc8 Ra4 29. Nc4 Ra6 30. Kf1 g6 31. Ke1 h5 32. Kd1 Ne7 33. Rc7 Nd5 34.
Rb7 Nb6 35. Nxb6 Rxb6 36. Rxb6 axb6 37. Kd2 Kd5 38. Kc3 Kc5 39. a4 g5 40. b4+
Kc6 41. e4 fxe4 42. dxe4 g4 43. Kc4 Kc7 44. Kd5 Kd7 45. a5 bxa5 46. bxa5 Kc7
47. a6 Kb6 48. Kxd6 Kxa6 49. Kxe5 1-0

[Event "XV Konik Morski Rewala - Open B"]
[Site "Rewal"]
[Date "2010.08.21"]
[Round "3.8"]
[White "Dowgird, Filip"]
[Black "Kubica, Kamil"]
[Result "0-1"]
[WhiteElo "2096"]
[BlackElo "1917"]
[PlyCount "146"]
[EventDate "2010.??.??"]

1. e4 e5 2. Nf3 Nc6 3. Bb5 a6 4. Bxc6 dxc6 5. d4 exd4 6. Qxd4 Qxd4 7. Nxd4 c5
8. Ne2 Bd7 9. Nbc3 Ne7 10. Be3 Ng6 11. O-O-O O-O-O 12. f3 Bd6 13. Nd5 Rde8 14.
Nec3 Bc6 15. Nb6+ Kb8 16. Nc4 Bf4 17. Rd2 b6 18. Bxf4 Nxf4 19. Rhd1 Kc8 20. Ne3
Ne6 21. Ned5 Bxd5 22. Nxd5 Rhf8 23. Ne3 g6 24. c3 f5 25. exf5 Nf4 26. fxg6 hxg6
27. Ng4 c4 28. Kc2 Nd3 29. Rg1 Rf5 30. Nf2 Re1 31. Rxe1 Nxe1+ 32. Kd1 Nxg2 33.
Ke2 Nh4 34. Rd4 Nxf3 35. Rxc4 Nxh2 36. Ne4 Re5 37. Ke3 g5 38. Rd4 Ng4+ 39. Kf3
Nh6 40. Ng3 Nf5 41. Nxf5 Rxf5+ 42. Kg4 Rf2 43. Kxg5 Rxb2 44. a4 c5 45. Rc4 a5
46. Kf5 Kd7 47. Ke4 Kc6 48. Kd3 b5 49. axb5+ Kxb5 50. Rh4 a4 51. Rh8 c4+ 52.
Kd4 Rd2+ 53. Ke4 a3 54. Ra8 a2 55. Ra3 Rd3 56. Rxa2 Rxc3 57. Ra8 Rb3 58. Rb8+
Kc5 59. Rc8+ Kb4 60. Rc7 Rd3 61. Rc8 Kc3 62. Rc7 Rd8 63. Rh7 Kc2 64. Ke3 c3 65.
Rh1 Kb2 66. Rh7 Kc1 67. Ke2 c2 68. Re7 Rd4 69. Rc7 Rd2+ 70. Ke1 Rd3 71. Ke2 Rb3
72. Rc8 Kb1 73. Kd2 Rb2 0-1

[Event "XV Konik Morski Rewala - Open B"]
[Site "Rewal"]
[Date "2010.??.21"]
[Round "3.9"]
[White "Cichy, Kamil"]
[Black "Choroszej, Aleksander"]
[Result "1/2-1/2"]
[WhiteElo "1900"]
[BlackElo "2095"]
[PlyCount "92"]
[EventDate "2010.??.??"]

1. e4 g6 2. d4 Bg7 3. Nc3 d6 4. Bc4 Nf6 5. Qe2 c6 6. e5 dxe5 7. dxe5 Nd5 8.
Bxd5 cxd5 9. Qb5+ Nc6 10. Nf3 e6 11. Bf4 O-O 12. Qe2 f6 13. O-O fxe5 14. Bxe5
Nxe5 15. Nxe5 Rf5 16. Nf3 Bd7 17. Nd1 Qb6 18. Re1 Raf8 19. Ne3 Rf4 20. c3 h6
21. Rad1 g5 22. h3 Be8 23. Nf1 e5 24. Qd2 d4 25. cxd4 e4 26. Ne5 Rxf2 27. Qxf2
Rxf2 28. Kxf2 Bxe5 29. Rxe4 Qf6+ 30. Kg1 Bh5 31. g4 Qf3 32. Rde1 Bg3 33. R1e2
Bf2+ 34. Rxf2 Qxe4 35. gxh5 Qxd4 36. Ne3 Qd3 37. Kh2 Qd4 38. Re2 b5 39. a3 a5
40. Rc2 Kf7 41. Re2 b4 42. axb4 axb4 43. Kg2 b3 44. Kh2 Kf6 45. Kg2 g4 46. Nc4
Kf5 1/2-1/2

[Event "XV Konik Morski Rewala - Open B"]
[Site "Rewal"]
[Date "2010.08.21"]
[Round "3.10"]
[White "Kuspak, Aleksander"]
[Black "Szydlowska-Duda, Marta"]
[Result "1/2-1/2"]
[WhiteElo "1832"]
[BlackElo "2063"]
[PlyCount "170"]
[EventDate "2010.??.??"]

1. e4 d5 2. exd5 Qxd5 3. Nc3 Qa5 4. d4 Nf6 5. Nf3 Bg4 6. h3 Bh5 7. Bb5+ c6 8.
Be2 Nbd7 9. O-O e6 10. Bf4 Be7 11. a3 O-O 12. Qd3 Nd5 13. Nxd5 cxd5 14. Rfc1
Bg6 15. Qb3 Nb6 16. Bc7 Rac8 17. Bxb6 axb6 18. Ne5 Bg5 19. Nxg6 hxg6 20. Rd1
Rc6 21. Bd3 Qa8 22. Bb5 Rc7 23. Qg3 Qd8 24. c3 Bh4 25. Qg4 Qf6 26. f4 Qd8 27.
g3 Be7 28. Re1 g5 29. f5 exf5 30. Qxf5 Qd6 31. Kg2 Bf6 32. Rf1 Bd8 33. Rae1 Re7
34. Rxe7 Bxe7 35. Be8 Bf6 36. Bb5 Rd8 37. Bd3 Kf8 38. Re1 g6 39. Qg4 Rd7 40.
Bxg6 Re7 41. Rxe7 Qxe7 42. Bd3 Qe3 43. Qe2 Qxe2+ 44. Bxe2 Ke7 45. Bg4 Kd6 46.
Kf3 Bd8 47. b4 Be7 48. Bc8 Kc7 49. Bf5 Kd6 50. b5 Kc7 51. a4 Ba3 52. Ke2 Bd6
53. g4 Bg3 54. Kd3 Kd6 55. c4 dxc4+ 56. Kxc4 Bf2 57. Be4 f6 58. Bxb7 Be1 59.
Be4 Bf2 60. Kd3 Be1 61. Bc6 Bb4 62. Ke4 Bc3 63. Bd5 Be1 64. Bf7 Bc3 65. Bc4 Bd2
66. Kf5 Ke7 67. Bf1 Bc3 68. d5 Bd2 69. Bg2 Bc3 70. Bf3 Bd2 71. d6+ Kxd6 72.
Kxf6 Kc5 73. Kg6 Kb4 74. Bd1 Ka5 75. Kh5 Kb4 76. h4 gxh4 77. Kxh4 Kc5 78. g5
Kd6 79. g6 Ke7 80. Kg4 Kf6 81. Bc2 Kg7 82. Kf5 Bc1 83. Ke6 Be3 84. Kd6 Bd2 85.
Kc6 Ba5 1/2-1/2

[Event "XV Konik Morski Rewala - Open B"]
[Site "Rewal"]
[Date "2010.08.21"]
[Round "3.11"]
[White "Matuszczyk, Przemyslaw"]
[Black "Prazmowski, Bartosz"]
[Result "0-1"]
[WhiteElo "2059"]
[BlackElo "1893"]
[PlyCount "84"]
[EventDate "2010.??.??"]

1. b3 d5 2. Bb2 c5 3. d3 Nc6 4. g3 Nf6 5. Bg2 e5 6. e3 Be6 7. Ne2 Qb6 8. h3 Rd8
9. Nd2 Be7 10. g4 c4 11. d4 e4 12. Rb1 cxb3 13. axb3 Nb4 14. Kf1 Rc8 15. c3 Nd3
16. Ba1 h5 17. g5 Nh7 18. h4 f6 19. g6 Nf8 20. Nxe4 dxe4 21. Bxe4 Nxf2 22. Kxf2
f5 23. Bf3 Nxg6 24. Ng3 Bxh4 25. Bxh5 Bxg3+ 26. Kxg3 Bd5 27. Bf3 Qd6+ 28. Kf2
Rh2+ 29. Rxh2 Qxh2+ 30. Kf1 Qh3+ 31. Kf2 Be4 32. Bxe4 fxe4 33. Qh1 Qf5+ 34. Ke2
Rc6 35. c4 Qg4+ 36. Kd2 Nh4 37. Bc3 Nf3+ 38. Kc1 Rh6 39. Qd1 Qg5 40. Bd2 Rh2
41. Rb2 Nxd2 42. Rxd2 Qxe3 0-1

[Event "XV Konik Morski Rewala - Open B"]
[Site "Rewal"]
[Date "2010.08.21"]
[Round "3.12"]
[White "Milanowski, Jan"]
[Black "Bednarski, Dawid"]
[Result "0-1"]
[WhiteElo "2049"]
[BlackElo "1822"]
[PlyCount "72"]
[EventDate "2010.??.??"]

1. d4 Nf6 2. Nf3 g6 3. Bf4 Bg7 4. h3 O-O 5. e3 d6 6. Nbd2 c5 7. c3 a6 8. a4 Bd7
9. Be2 Bc6 10. O-O Nbd7 11. Re1 Re8 12. Bh2 b5 13. dxc5 dxc5 14. axb5 axb5 15.
Qb3 Qb6 16. Ne5 c4 17. Qc2 Nxe5 18. Bxe5 Nd5 19. Bg3 Rxa1 20. Rxa1 Nxe3 21. Qb1
e5 22. Bf3 Bxf3 23. Nxf3 Nf5 24. Bh2 e4 25. Ne1 e3 26. Qc2 b4 27. g4 Nh4 28.
Bg3 exf2+ 29. Bxf2 Rxe1+ 30. Rxe1 Nf3+ 31. Kf1 Nxe1 32. Kxe1 Qe6+ 33. Kf1 bxc3
34. bxc3 h5 35. g5 Qxh3+ 36. Ke1 Qxc3+ 0-1

[Event "XV Konik Morski Rewala - Open B"]
[Site "Rewal"]
[Date "2010.08.21"]
[Round "3.13"]
[White "Majdan, Damian"]
[Black "Czaja, Roman"]
[Result "1-0"]
[WhiteElo "1846"]
[BlackElo "2046"]
[PlyCount "108"]
[EventDate "2010.??.??"]

1. Nf3 d6 2. b3 e5 3. Bb2 f5 4. d4 e4 5. Nfd2 Nf6 6. e3 Be7 7. c4 O-O 8. Nc3 c6
9. Qc2 Na6 10. a3 Nc7 11. Be2 Bd7 12. O-O-O d5 13. h3 Ne6 14. f3 Bd6 15. f4 g5
16. fxg5 Nxg5 17. g4 fxg4 18. Rdg1 g3 19. h4 Nh3 20. Rg2 Kh8 21. Ndxe4 dxe4 22.
Nxe4 Nxe4 23. Qxe4 Re8 24. d5+ Kg8 25. Qf3 Rxe3 26. Qxe3 Qxh4 27. Qc3 Qg5+ 28.
Kb1 Bf5+ 29. Ka2 Kf7 30. Bh5+ Ke7 31. Re1+ Kd7 32. dxc6+ bxc6 33. Bf3 Nf2 34.
Bxc6+ Kxc6 35. Qf3+ Be4 36. Rxe4 Kd7 37. Qf7+ Kc6 38. Re8 Rxe8 39. Qxe8+ Kb7
40. Qf7+ Kc6 41. Qxh7 Qe3 42. Qf5 Nd3 43. Qc8+ Bc7 44. Qa8+ Kd7 45. Qd5+ Bd6
46. Qd4 Qf3 47. Qxa7+ Ke6 48. Qg1 Nc5 49. b4 Qb3+ 50. Ka1 Nd3 51. Re2+ Kf5 52.
Qf1+ Bf4 53. Rd2 Nxb2 54. Qb1+ Kg4 1-0

[Event "XV Konik Morski Rewala - Open B"]
[Site "Rewal"]
[Date "2010.08.21"]
[Round "3.14"]
[White "Czornik, Janusz"]
[Black "Szmidt, Przemyslaw"]
[Result "1/2-1/2"]
[WhiteElo "1814"]
[BlackElo "2033"]
[PlyCount "212"]
[EventDate "2010.??.??"]

1. e4 c5 2. Nf3 d6 3. d4 cxd4 4. Nxd4 Nf6 5. Nc3 a6 6. Bg5 Bd7 7. f4 Nc6 8. Qd2
e6 9. O-O-O Be7 10. g3 Qc7 11. Nb3 h6 12. Bh4 O-O-O 13. Bg2 Kb8 14. h3 Na5 15.
Nxa5 Qxa5 16. Kb1 Bc6 17. Rhf1 Ng8 18. Bxe7 Nxe7 19. f5 Qe5 20. fxe6 fxe6 21.
Qf4 Rdf8 22. Qxe5 dxe5 23. h4 Nf5 24. exf5 Bxg2 25. Rg1 Bh3 26. fxe6 Bxe6 27.
Rde1 Re8 28. Kc1 Bg4 29. Rgf1 Rhf8 30. Rxf8 Rxf8 31. Rxe5 Rf3 32. Re8+ Ka7 33.
Rg8 Rxg3 34. Rxg7 h5 35. Ne4 Rh3 36. Nf6 Bf3 37. Rg5 Rxh4 38. Rf5 Be2 39. Kd2
Rh2 40. Ke3 Bb5 41. Rxh5 Rxc2 42. Rf5 Rxb2 43. Rf2 Rb1 44. Nd5 Bc6 45. Nc3 Rh1
46. Kd2 b5 47. Kc2 b4 48. Ne2 Bd5 49. Kb2 Be4 50. Nc1 a5 51. Re2 Bh7 52. a3 Kb6
53. axb4 axb4 54. Rd2 Kb5 55. Nd3 Bf5 56. Nxb4 Kxb4 57. Rd4+ Kc5 58. Rf4 Be6
59. Kc3 Bd5 60. Kd3 Rh3+ 61. Ke2 Kd6 62. Kd2 Ke5 63. Rb4 Be4 64. Ke2 Kf4 65.
Kd2 Rh2+ 66. Kc3 Ke5 67. Rb5+ Bd5 68. Rb4 Rh8 69. Kd3 Rh3+ 70. Kd2 Be4 71. Ke2
Kf4 72. Kd1 Rd3+ 73. Kc2 Rd6+ 74. Kc3 Ke3 75. Kc4 Rd4+ 76. Kc5 Rd1 77. Rc4 Kf4
78. Ra4 Rc1+ 79. Rc4 Rh1 80. Kd4 Rh5 81. Rc5 Rh8 82. Rc7 Rd8+ 83. Kc4 Ke5 84.
Re7+ Kf5 85. Rc7 Ke6 86. Rc5 Bd5+ 87. Kd4 Ra8 88. Rc3 Ra4+ 89. Kc5 Ke5 90. Re3+
Be4 91. Re2 Ra1 92. Rd2 Rc1+ 93. Kb4 Bd5 94. Kb5 Kd6 95. Kb4 Rb1+ 96. Kc3 Kc5
97. Kd3 Rb3+ 98. Ke2 Kd6 99. Kd1 Ke5 100. Kc2 Rh3 101. Kb2 Kd6 102. Rc2 Rb3+
103. Kc1 Ke5 104. Rc8 Kd4 105. Kc2 Ra3 106. Kd2 Rd3+ 1/2-1/2

[Event "XV Konik Morski Rewala - Open B"]
[Site "Rewal"]
[Date "2010.08.21"]
[Round "3.15"]
[White "Krajewicz, Pawel"]
[Black "Gola, Karolina"]
[Result "1-0"]
[WhiteElo "2005"]
[BlackElo "1862"]
[PlyCount "92"]
[EventDate "2010.??.??"]

1. d4 d5 2. c4 e6 3. Nc3 Nf6 4. cxd5 exd5 5. Bg5 Be7 6. Qc2 h6 7. Bh4 O-O 8. e3
Re8 9. Bd3 Nbd7 10. Nge2 b6 11. O-O Bb7 12. Bg3 Nh5 13. Rac1 Nxg3 14. Nxg3 c5
15. Nf5 a6 16. Qd1 Nf6 17. Ne2 Bf8 18. dxc5 bxc5 19. Qa4 Qb6 20. Qh4 c4 21. Bb1
Qxb2 22. Ned4 Ne4 23. Bxe4 Rxe4 24. Qg3 Bc8 25. Nxh6+ Kh7 26. Nxf7 Rg4 27. Qh3+
Kg8 28. Qh5 Ra7 29. Ng5 g6 30. Qh3 Qb7 31. Nge6 Rxd4 32. exd4 Qb6 33. Rfe1 Re7
34. Qf3 Rxe6 35. Qxd5 Qc6 36. Qg5 Rxe1+ 37. Rxe1 c3 38. h4 c2 39. d5 Qb6 40. h5
Kh7 41. g4 gxh5 42. Qxh5+ Qh6 43. Qf7+ Bg7 44. Qc7 Qd2 45. Qh2+ Bh6 46. Qc7+
Kg8 1-0

[Event "XV Konik Morski Rewala - Open B"]
[Site "Rewal"]
[Date "2010.08.21"]
[Round "3.16"]
[White "Kaczmarek, Alicja"]
[Black "Botor, Michal"]
[Result "0-1"]
[WhiteElo "1806"]
[BlackElo "1987"]
[PlyCount "50"]
[EventDate "2010.??.??"]

1. e4 c5 2. b3 Nc6 3. Bb2 e5 4. Nc3 Nge7 5. g3 g6 6. Bg2 Bg7 7. Nge2 O-O 8. O-O
d6 9. Nd5 f5 10. d3 g5 11. f4 gxf4 12. gxf4 Nd4 13. c4 Ng6 14. Bxd4 cxd4 15.
Qe1 Nh4 16. Ng3 Nxg2 17. Kxg2 exf4 18. Nxf4 Be5 19. Ngh5 Kh8 20. Kh1 fxe4 21.
Qxe4 Bf5 22. Qd5 Qh4 23. Rae1 Rae8 24. Qf3 Bxf4 25. Qxf4 Qxe1 0-1

[Event "XV Konik Morski Rewala - Open B"]
[Site "Rewal"]
[Date "2010.08.21"]
[Round "3.17"]
[White "Czernicki, Bogdan"]
[Black "Szolc, Grzegorz"]
[Result "1/2-1/2"]
[WhiteElo "1960"]
[BlackElo "1678"]
[PlyCount "69"]
[EventDate "2010.??.??"]

1. e4 c5 2. c4 Nc6 3. Nc3 e5 4. d3 Nf6 5. Be2 d6 6. h3 Be6 7. f4 g6 8. Be3 Nd7
9. Nf3 Bg7 10. O-O O-O 11. Ng5 exf4 12. Bxf4 Nde5 13. Nxe6 fxe6 14. Qd2 Nf7 15.
Bg4 Qe7 16. Rae1 Rae8 17. Bd1 Nd4 18. Ba4 Rb8 19. Bd1 a6 20. b3 b5 21. Kh1 b4
22. Na4 Rb7 23. Bf3 Ne5 24. Bg5 Qe8 25. Be2 Rbf7 26. Rxf7 Rxf7 27. Be3 Nec6 28.
Rf1 Rxf1+ 29. Bxf1 Qf8 30. Qf2 Qxf2 31. Bxf2 Be5 32. g3 Kf7 33. Kg2 Kf6 34. Nb6
Ke7 35. Be3 1/2-1/2